Príčiny a prevencia zadĺženosti podniku Merina a.s. diplomová práca

Guardado en:
Detalles Bibliográficos
Autor principal: Pašková-Glosová, Katarína
Autor Corporativo: Fakulta podnikového manažmentu EU. Katedra podnikových financií
Otros Autores: Kubranová, Magdaléna, 1956-
Formato: Libro
Lenguaje:eslovaco
Publicado: Bratislava 2008
Etiquetas: Agregar Etiqueta
Sin Etiquetas, Sea el primero en etiquetar este registro!

MARC

LEADER 00000nam$a2200000$$$4500
001 0088931
005 20240201120128.9
041 0 |a slo 
044 |a SK 
245 1 0 |a Príčiny a prevencia zadĺženosti podniku Merina a.s.  |b diplomová práca  |c Katarína Pašková-Glosová ; škol. Magdaléna Kubranová 
264 1 |a Bratislava  |c 2008 
300 |a 69 s. 
100 1 |a Pašková-Glosová, Katarína 
700 1 |a Kubranová, Magdaléna, 1956- 
710 2 |a Fakulta podnikového manažmentu EU. Katedra podnikových financií